|
|
|
|
| LEADER |
01513nam a2200397Ia 4500 |
| 001 |
EBC817986 |
| 003 |
MiAaPQ |
| 005 |
20200520144314.0 |
| 006 |
m o d | |
| 007 |
cr cn||||||||| |
| 008 |
111003s2012 nju sb 001 0 eng d |
| 010 |
|
|
|z 2011041422
|
| 020 |
|
|
|z 9781118065716
|
| 035 |
|
|
|a (MiAaPQ)EBC817986
|
| 035 |
|
|
|a (Au-PeEL)EBL817986
|
| 035 |
|
|
|a (CaPaEBR)ebr10533995
|
| 035 |
|
|
|a (CaONFJC)MIL365232
|
| 035 |
|
|
|a (OCoLC)777374776
|
| 040 |
|
|
|a MiAaPQ
|c MiAaPQ
|d MiAaPQ
|
| 050 |
|
4 |
|a HG181
|b .E38 2012
|
| 082 |
0 |
4 |
|a 332.1068/8
|2 23
|
| 100 |
1 |
|
|a Ehrlich, Evelyn,
|d 1950-
|
| 245 |
1 |
4 |
|a The financial services marketing handbook
|h [electronic resource] :
|b tactics and techniques that produce results /
|c Evelyn Ehrlich and Duke Fanelli.
|
| 250 |
|
|
|a 2nd ed.
|
| 260 |
|
|
|a Hoboken, NJ :
|b Bloomberg Press,
|c c2012.
|
| 300 |
|
|
|a xi, 196 p.
|
| 504 |
|
|
|a Includes bibliographical references and index.
|
| 533 |
|
|
|a Electronic reproduction. Ann Arbor, MI : ProQuest, 2015. Available via World Wide Web. Access may be limited to ProQuest affiliated libraries.
|
| 650 |
|
0 |
|a Financial services industry
|z United States
|x Marketing.
|
| 650 |
|
0 |
|a Financial planners
|x Marketing.
|
| 650 |
|
0 |
|a Customer relations.
|
| 650 |
|
0 |
|a Financial services industry
|x Computer network resources.
|
| 655 |
|
4 |
|a Electronic books.
|
| 700 |
1 |
|
|a Fanelli, Duke,
|d 1954-
|
| 710 |
2 |
|
|a ProQuest (Firm)
|
| 856 |
4 |
0 |
|u https://ebookcentral.proquest.com/lib/matrademy/detail.action?docID=817986
|z Click to View
|